A phenomenon of polyglotism bakalárska práca

Salvato in:
Dettagli Bibliografici
Autore principale: Fuziová, Martina
Ente Autore: Fakulta aplikovaných jazykov EU v Bratislave. Katedra jazykovedy a translatológie
Altri autori: Fifiková, Dominika, 1987-
Natura: Libro
Lingua:inglese
Pubblicazione: Bratislava 2018
Tags: Aggiungi Tag
Nessun Tag, puoi essere il primo ad aggiungerne!!

MARC

LEADER 00000nbm a2200000 4500
001 0244012
005 20181011091637.2
041 0 |a eng 
044 |a SK 
245 1 0 |a A phenomenon of polyglotism  |b bakalárska práca  |c Martina Fuziová ; školiteľ: Dominika Fifiková 
264 1 |a Bratislava  |c 2018 
300 |a 49 s. 
100 1 |a Fuziová, Martina 
700 1 |a Fifiková, Dominika, 1987- 
710 2 |a Fakulta aplikovaných jazykov EU v Bratislave. Katedra jazykovedy a translatológie